រឿង លោកគ្រូសួរ / (Record no. 10005)

MARC details
000 -LEADER
fixed length control field 00996nam a22002537a 4500
001 - CONTROL NUMBER
control field 10005
003 - CONTROL NUMBER IDENTIFIER
control field FISKH
005 - DATE AND TIME OF LATEST TRANSACTION
control field 20260325152057.0
008 - FIXED-LENGTH DATA ELEMENTS--GENERAL INFORMATION
fixed length control field 260325b cb ||||| |||| 00| 0 eng d
040 ## - CATALOGING SOURCE
Original cataloging agency FISKH
Language of cataloging eng
Transcribing agency FISKH
Modifying agency FISKH
082 ## - DEWEY DECIMAL CLASSIFICATION NUMBER
Classification number 813.6
100 ## - MAIN ENTRY--PERSONAL NAME
Personal name Anonymous
245 ## - TITLE STATEMENT
Title រឿង លោកគ្រូសួរ /
Statement of responsibility, etc. វិចិត្ររូបភាពដោយ៖​ លោកគ្រូ ឡម ភីរៈ
260 ## - PUBLICATION, DISTRIBUTION, ETC.
Place of publication, distribution, etc. Phnom Penh :
Name of publisher, distributor, etc. Mistry of Youth and Sport,
Date of publication, distribution, etc. 2020
300 ## - PHYSICAL DESCRIPTION
Extent 8 pages :
Other physical details color illustrations ;
Dimensions 30 cm
505 ## - FORMATTED CONTENTS NOTE
Formatted contents note G<br/><br/>
520 ## - SUMMARY, ETC.
Summary, etc. លោកគ្រូបានសួរសំណួរមួយចំនួនទៅកាន់កូនៗក្នុងថ្នាក់អំពីសត្វ
520 ## - SUMMARY, ETC.
Summary, etc. The teacher asked the students in the class some questions about animals.
521 8# - TARGET AUDIENCE NOTE
Target audience note 380<br/>
Source Lexile estimate<br/>
521 8# - TARGET AUDIENCE NOTE
Target audience note G<br/>
Source Raz-Plus
650 ## - SUBJECT ADDED ENTRY--TOPICAL TERM
Topical term or geographic name entry element Question and Answer
942 ## - ADDED ENTRY ELEMENTS (KOHA)
Source of classification or shelving scheme Dewey Decimal Classification
Koha item type Books
Suppress in OPAC No
Holdings
Withdrawn status Lost status Source of classification or shelving scheme Damaged status Not for loan Collection Home library Current library Shelving location Date acquired Total Checkouts Full call number Barcode Date last seen Copy number Price effective from Koha item type
    Dewey Decimal Classification     Khmer Language Books / សៀវភៅភាសាខ្មែរ Footprints International School Library Network Toul Tom Poung Campus Footprints International School Library Network Toul Tom Poung Campus TTP Primary Khmer Bookshelves 03/25/2026   ANO 813.6 2026-0376 03/25/2026 1 03/25/2026 Khmer Books